000 00388 a2200109 4500
001 ART_25613
005 20260410161935.0
008 260409a
245 1 0 _aEn torno a la teoría de la inflación de Bresciani-Turroni
100 1 _aArnaudo, Aldo Antonio
773 0 _tAnales de la Academia Nacional de Ciencias Económicas
_g- Vol. XXXII, (1987) (ene. 1988)
_wREV25596
999 _c28933
_d28933